| 000 | 00670nam a2200241Ia 4500 | ||
|---|---|---|---|
| 003 | OSt | ||
| 005 | 20220918230556.0 | ||
| 006 | a|||||r|||| 00| 0 | ||
| 007 | ta | ||
| 008 | 220917b |||||||| |||| 00| 0 eng d | ||
| 024 | _a256,019 | ||
| 037 | _cTextual | ||
| 040 |
_aARTS _cARTS _beng |
||
| 041 |
_2eng _aeng |
||
| 082 | _aX.63jN06, L6 | ||
| 100 | _aHoughton D Hobart | ||
| 245 | 0 | _aPublic policy and the South African economy | |
| 260 |
_aOxford _bOxford University Press _c1976 |
||
| 650 | _aECONOMICS | ||
| 700 |
_a Truu M L Ed. _9152849 |
||
| 942 |
_hX.63jN06, L6 _cTEXL _2CC |
||
| 999 |
_c288391 _d288391 |
||